000
00279nam a2200109Ia 4500
008
200302s9999 xx 000 0 und d
100
_a
Simon Eisner and Stanley A. Eisher
245
_a
The Urban Pattern 6th ed
260
_b
Library of Congress
260
_c
1993
300
_a
641 P.,
999
_c
5866
_d
5866